000 00480nam a2200157 4500
001 112437
003 ES-MaACL
005 20230906185529.0
007 t|
008 061121s1968 sp r ||||1| spa d
100 1 _aMuñoz Iglesias, Salvador.
_984436
245 1 4 _aLos géneros literarios y la interpretación de la Biblia /
_cSalvador Muñoz Iglesias.
260 _aMadrid :
_bCasa de la Biblia,
_c1968.
300 _a167 p. ;
_c21 cm.
852 _aES-MaACL
_jC-35960
_bR.69035
999 _c112437
_d112437